Normal view
MARC view
- Tompkins, Tim
Entry Corporate Name
001 - CONTROL NUMBER
- control field: 125742
003 - CONTROL NUMBER IDENTIFIER
- control field: NUST
005 - DATE AND TIME OF LATEST TRANSACTION
- control field: 20240910095418.0
008 - FIXED-LENGTH DATA ELEMENTS
- fixed length control field: 240910|| aca||aabn | a|a d
040 ## - CATALOGING SOURCE
- Original cataloging agency: NUST
- Transcribing agency: NUST
110 ## - HEADING--CORPORATE NAME
- Corporate name or jurisdiction name as entry element: Tompkins, Tim
670 ## - SOURCE DATA FOUND
- Source citation: Work cat.: (NUST): Bates, Jonathan 125741, Practical Visual C++ 6, 1999.
